| 000 | 00920nam a2200265 a 4500 | ||
|---|---|---|---|
| 001 | 1917 | ||
| 003 | Uk | ||
| 005 | 20250409155222.0 | ||
| 020 |
_a9780744570243 (pbk.) : _c£4.99 |
||
| 020 |
_a0744570247 (pbk.) : _c£4.99 |
||
| 040 |
_aUkCU _beng _cUkCU _dUk |
||
| 082 | 0 | 4 |
_a823.92 _222 |
| 100 | 1 | _aMcDonald, Megan. | |
| 245 | 1 | 0 |
_aJudy Moody gets famous! / _cMegan McDonald; illustrated by Peter Reynolds. |
| 260 |
_aLondon : _bWalker Books, _c2005. |
||
| 300 |
_a291 pages : _billustrator ; _c19 cm |
||
| 500 | _aOriginally published: 2001. | ||
| 505 | _aK | ||
| 520 | _aWhen a third grade classmate gets her picture in the paper for winning a spelling bee, Judy is determined to find a way to become famous herself. | ||
| 521 |
_a560
_bLexile |
||
| 521 |
_aK
_bRaz-Plus |
||
| 700 | 1 |
_aReynolds, Peter H. _q(Peter Hamilton), _d1961- |
|
| 700 | 1 | 2 |
_aMcDonald, Megan. _tJudy Moody gets famous. |
| 942 |
_2ddc _cBK _n0 |
||
| 999 |
_c1917 _d1917 |
||